Statistiques concernant Trouve les paroles : Imen Es - Attentat

Cliquez ici pour prendre le quiz!

Statistiques générales

  • Ce quiz a été pris 55 fois
  • Le résultat moyen est 229 sur 378

Statistiques - réponses

Paroles% Correct
à
96%
a
96%
Atten
92%
atten
92%
mon
92%
c'est
90%
Je
90%
je
90%
coeur
88%
un
88%
dans
86%
Dans
86%
attentat
84%
le
76%
ma
76%
pas
76%
si
74%
Si
74%
ça
72%
de
72%
En
72%
en
72%
la
68%
Même
68%
même
68%
que
66%
tu
64%
Tu
64%
fais
60%
te
60%
genre
58%
mais
58%
Mais
58%
démolie
56%
sourire
56%
m'atteint
54%
amour
52%
l'intérieur
52%
Imen EsJ't'ai
50%
ne
50%
pour
50%
au
48%
encore
48%
J'suis
48%
l'extérieur
48%
mort
48%
t'aime
48%
nous,
46%
j'garde
44%
coupé
42%
numéro
42%
offert
42%
plus
42%
tout
42%
une
42%
l'as
40%
M'envoie
40%
on
40%
Personne
40%
personne
40%
Pourquoi
38%
alerte
36%
Et
36%
et
36%
moi
36%
s'arrête
36%
y'a
36%
C'était
34%
C"était
34%
dès
34%
doublé
34%
fausse
34%
l'avenir
34%
m'lacher
34%
saigne
34%
tes
34%
Tranquille
34%
vie
34%
d'SMS
32%
d'SOS
32%
j'te
32%
J'voyais
32%
mytho
32%
pris
32%
t'as
32%
toi
32%
aussitôt,
30%
j'ai
30%
m'arrêter
30%
qui
30%
sera
30%
du
28%
fait
28%
J'voulais
28%
mal
28%
nuit
28%
ouais
28%
quand
28%
Quand
28%
s"effondre
28%
Celle
26%
celle
26%
dineros
26%
j't'aime
26%
l'savais
26%
téléphone
26%
être
24%
J't'enverrai
24%
j't'enverrai
24%
pouvais
24%
saura
24%
ville
24%
vois
24%
dej
22%
dis
22%
eronné
22%
minable
22%
qu'tes
22%
tant
22%
donnera
20%
heures
20%
j'me
20%
J'pense
20%
nos
20%
seras
20%
trop
20%
bas
18%
d'effort
18%
déjà
18%
haut
18%
l'aide
18%
pouvait
18%
rayonnait
18%
s'efforce
18%
toutes
18%
J'regrette
16%
l'petit
16%
t'éloigneras
16%
m'tej
14%
J't'oublis
8%

Distribution des résultats

Percentile par nombre de réponses

% des personnes avec chaque résultat

Votre développement - résultats

Vous n’avez pas pris ce quiz